Quiz su Niue - Statistics

Statistiche generali
  • Questo quiz è stato fatto 5 volte
  • Il punteggio medio è 14 su 20
Statistiche sulle risposte
Definizione Risposta % Corretto
Calcio
100%
Re Carlo III
100%
Moneta Dollaro Neozelandese
100%
Lingua Ufficiale Inglese
100%
Isole Cook
100%
Primo europeo a giungere sull'isola James Cook
100%
Niue è una dipendenza di questo Stato Nuova Zelanda
100%
Oceano in cui Niue è situata Oceano Pacifico
100%
Niue, come molte micronazioni, è considerata un ___________ ____________ Paradiso fiscale
100%
Ramo del Cristianesimo maggiormente professato Protestantesimo
100%
I tre sport più popolari Rugby
100%
Tasso di alfabetizzazione arrotondato 99%
67%
Samoa
67%
Niue si trova in un triangolo, cui i vertici sono questi due Stati e questi Territorio dipendente dallo Stato qui sopra Tonga
67%
Capitale Alofi
33%
Nel 2020 Niue è stata il primo Paese completamente ______, in contrasto all'inquinamento luminoso Buio
33%
Niue sta ancora soffrendo dei danni provocati da questa tempesta, che l'ha colpita nel 2004 Ciclone
33%
Altra lingua parlata Niueano
33%
Basket
0%
Il piatto nazionale, a base di taro, papaia e latte di cocco Takihi
0%
Nessun quiz corrispondente trovato
Distribuzione punteggi
Percentuale di utenti per punteggio
Percentile per numero di risposta
I tuoi punteggi nel tempo
Non hai fatto questo quiz